इतिहासलेखनातील नवे प्रवाह द्ख्खनच्या विशेष अनुंषगाने (Record no. 1262696)

MARC details
000 -LEADER
fixed length control field 01010nam a2200193Ia 4500
008 - FIXED-LENGTH DATA ELEMENTS--GENERAL INFORMATION
fixed length control field 151121s9999||||xx |||||||||||||| ||und||
082 ## - DEWEY DECIMAL CLASSIFICATION NUMBER
Classification number 954/कुलक
082 ## - DEWEY DECIMAL CLASSIFICATION NUMBER
Item number HNW-113604
100 ## - MAIN ENTRY--PERSONAL NAME
Personal name कुलकर्णी निरंजन
245 ## - TITLE STATEMENT
Title इतिहासलेखनातील नवे प्रवाह द्ख्खनच्या विशेष अनुंषगाने
260 ## - PUBLICATION, DISTRIBUTION, ETC. (IMPRINT)
Name of publisher, distributor, etc "एकनाथ पाटील प्रकाशन, कोल्हापूर्।"
260 ## - PUBLICATION, DISTRIBUTION, ETC. (IMPRINT)
Date of publication, distribution, etc 2013
300 ## - PHYSICAL DESCRIPTION
Extent 248
600 ## - SUBJECT ADDED ENTRY--PERSONAL NAME
Personal name कुलकर्णी निरंजन
630 ## - SUBJECT ADDED ENTRY--UNIFORM TITLE
Uniform title इतिहासलेखनातील नवे प्रवाह द्ख्खनच्या विशेष अनुंषगाने
700 ## - ADDED ENTRY--PERSONAL NAME
Personal name कुलकर्णी निरंजन
730 ## - ADDED ENTRY--UNIFORM TITLE
Uniform title इतिहासलेखनातील नवे प्रवाह द्ख्खनच्या विशेष अनुंषगाने
942 ## - ADDED ENTRY ELEMENTS (KOHA)
Koha item type Book
Holdings
Withdrawn status Lost status Damaged status Not for loan Home library Current library Date acquired Cost, normal purchase price Total Checkouts Full call number Barcode Date last seen Cost, replacement price Price effective from Koha item type
        Hirachand Nemchand Wachanalaya, Solapur Hirachand Nemchand Wachanalaya, Solapur 11/22/2013 200.00   HNW-113604 HNW-113604 11/21/2015 200.00 11/21/2015 Book